000 00816nas a2200265 4500
001 BR2012007669
003 BR-BrBNA
005 20231205121320.0
007 ta
008 230509b bl.|||p| |||| 00| 00por d
040 _aBR-BrBNA
_bpor
_cBiblioteca Nacional de Agricultura
041 _a(Pt)
072 _aE16; E70
100 1 _aBragança, R.C.
100 1 _aBueno, N.P.
245 1 _aO ciclo pecuário no Brasil: uma análise usando a metodologia da dinâmica de sistemas
650 _aBOI
650 _aCADEIA PRODUTIVA
650 _aPECUÁRIA
650 _aPOLÍTICA ECONÔMICA
650 _aMERCADO
773 0 _tRevista de Economia e Agronegócio (Brazil)
_xISSN 1679-1614
_g(May-Aug 2010), v. 8(2) p. 199-220
_wBR2012007669
909 _a202311
_bLúcia
_c55
_dLúcia Elande
942 _2AGRIS
_n0
_cANA
999 _c222898
_d222898